MARC

LEADER 00000nam1a2200000 4500
001 46400
005 20231101211021.0
035 |a (RuTPU)RU\TPU\book\48432 
090 |a 46400 
100 |a 20030115d2000 m y0rusy50 ca 
101 0 |a rus 
102 |a RU 
200 1 |a Дискретная математика  |e учебное пособие  |f Е. Н. Сафьянова  |g Томский государственный университет систем управления и радиоэлектроники; Томский межвузовский центр дистанционного образования 
210 |a Томск  |c [Б. и.]  |d 2000 
700 1 |a Сафьянова  |b Е. Н. 
712 0 2 |a Томский государственный университет систем управления и радиоэлектроники  |2 stltpush  |3 (RuTPU)RU\TPU\col\422 
712 0 2 |a Томский межвузовский центр дистанционного образования  |2 stltpush  |3 (RuTPU)RU\TPU\col\1901  |9 23610 
801 1 |a RU  |b 63413507  |c 20030115  |g PSBO 
801 2 |a RU  |b 63413507  |c 20120626  |g RCR 
942 |c BK